Assessment of trace gases, carbon and nitrogen emissions from field burning of agricultural residues in India (Record no. 54558)

MARC details
000 -LEADER
fixed length control field 00591nam a2200205Ia 4500
100 ## - MAIN ENTRY--AUTHOR NAME
Personal name Sahai Shivraj
245 #0 - TITLE STATEMENT
Title Assessment of trace gases, carbon and nitrogen emissions from field burning of agricultural residues in India
260 ## - PUBLICATION, DISTRIBUTION, ETC. (IMPRINT)
Name of publisher Nutrient Cycling in Agroecosystems
Year of publication 2011
300 ## - PHYSICAL DESCRIPTION
Number of Pages 143-157
650 ## - SUBJECT ADDED ENTRY--TOPICAL TERM
Topical Term Biomass burning
650 ## - SUBJECT ADDED ENTRY--TOPICAL TERM
Topical Term Carbon-nitrogen loss
650 ## - SUBJECT ADDED ENTRY--TOPICAL TERM
Topical Term Crop-residue
650 ## - SUBJECT ADDED ENTRY--TOPICAL TERM
Topical Term GHG
650 ## - SUBJECT ADDED ENTRY--TOPICAL TERM
Topical Term Inventory
700 ## - ADDED ENTRY--PERSONAL NAME
Personal name Gupta Prabhat K
700 ## - ADDED ENTRY--PERSONAL NAME
Personal name Sharma C
700 ## - ADDED ENTRY--PERSONAL NAME
Personal name Singh S K
942 ## - ADDED ENTRY ELEMENTS (KOHA)
Koha item type Journals
Holdings
Withdrawn status Lost status Damaged status Not for loan Home library Current library Shelving location Date acquired Serial Enumeration / chronology Koha item type
      Journals RRII Library RRII Library General 04/08/2011 Volume 89, Issue 2 Journals